000
00286nam a2200109 a 4500
001
4144
005
20140414131955.0
008
090317s19uu xx 00 eng d
050
_a
TR 513.2
_b
Ad2 2004
245
_a
Barbie Addition and subtraction :
_b
practice math skills.
999
_c
112899
_d
112899